000 01128cam a2200349 a 4500
001 5950
003 FISKH
005 20250211081443.0
008 960501s1998 nyua b 000 1 eng
010 _a 96021739
020 _a0399231226 (hardcover)
020 _a069811602X (pbk.)
020 _a9780698116023
040 _aDLC
_cDLC
_dDLC
_beng
050 _aPZ7.Y78 C
082 _a813
100 1 _aYolen, Jane
_d(1939-)
245 1 0 _aCommander Toad and the voyage home /
_cby Jane Yolen ; pictures by Bruce Degen
250 _aThis edition first published in 1998
260 _aNew York :
_bPutnam,
_c1998.
300 _a64 pages :
_bcolor illustrations ;
_c22 cm.
505 _aP
520 _aCommander Toad leads the lean green space machine "Star Warts" to find new worlds but runs into trouble when he sets course for home.
521 8 _a620
_bLexile
521 8 _aP
_bRaz-Plus
650 1 _aToads
_xFiction.
650 1 _aScience fiction.
_2Easy reader
700 1 _aDegen, Bruce
_eillustrator
906 _a7
_bcbc
_corignew
_d1
_eocip
_f19
_gy-gencatlg
942 _2ddc
_cBK
_n0
999 _c5950
_d5950